| 000 | 00643nam a2200229Ia 4500 | ||
|---|---|---|---|
| 008 | 160319s9999 xx 000 0 und d | ||
| 020 | _a9789715420839 | ||
| 050 | _a899.210301 | ||
| 050 | _b.P552 1975 | ||
| 100 | _aYabes, Leopoldo Y. | ||
| 245 | _aPhilippine short stories 1925-1940 / | ||
| 245 | _cLeopoldo Y. Yabes. | ||
| 260 | _aQuezon City : | ||
| 260 | _bUniversity of the Philippines Press, | ||
| 260 | _c1975 | ||
| 300 | _axxxvii, 545 pages ; | ||
| 300 | _c23 cm. | ||
| 650 | _aPhilippine fiction -- | ||
| 650 | _aPhilippine literature -- | ||
| 650 | _xHistory and criticism. | ||
| 650 | _xHistory and criticism. | ||
| 999 |
_c292379 _d292379 |
||